| 000 | 00825nam a2200253 i 4500 | ||
|---|---|---|---|
| 001 | 200461919 | ||
| 003 | TR-AnTOB | ||
| 005 | 20240719095653.0 | ||
| 007 | ta | ||
| 008 | 240719s2002 spaa tur spa | ||
| 040 |
_aTR-AnTOB _beng _erda _cTR-AnTOB |
||
| 041 | 0 | _aspa | |
| 050 | 1 |
_aDP402.B24 _bB37 2002 |
|
| 090 |
_aDP402.B24 _bB37 2002 |
||
| 245 | 0 | 0 |
_aBarcelona : _bla guía turística de visitors guide by Paginas Amarillas. |
| 264 | 1 |
_a[Place of publication not identified] : _bAenor Empressa Registrada, _c2002. |
|
| 300 |
_a340 pages : _billustrations ; _c21 cm |
||
| 336 |
_atext _btxt _2rdacontent |
||
| 337 |
_aunmediated _bn _2rdamedia |
||
| 338 |
_avolume _bnc _2rdacarrier |
||
| 650 | 7 |
_aSeyahat _vEl kitapları vb. _zBarselona (İspanya) _2etuturkob _9133326 |
|
| 942 |
_2lcc _cBK |
||
| 999 |
_c200461919 _d80131 |
||